Gua

Bibliographic Details
Main Author: Wood,Jenny
Format: Book
Published: Selangor : Tioman Books Sdn Bhd , 1992

MARC

LEADER 00000cam a2200000 7i4500
001 0000083974
005 20190806.0
008 190806
020 |a 9839073028 
090 0 0 |a 551.447   |b WOO 
100 1 |a Wood,Jenny 
245 1 0 |a Gua   |c Jenny Wood 
260 |a Selangor :   |b Tioman Books Sdn Bhd ,   |c 1992 
999 |a 0000516201   |b Book   |c Adult Collection   |e Cawangan Mersing